000 00827nam a2200241Ia 4500
003 OSt
005 20220923215316.0
006 a|||||r|||| 00| 0
007 ta
008 220922b |||||||| |||| 00| 0 hin d
024 _a177,643
037 _cTextual
040 _aARTS
_cARTS
_bhin
041 _2hin
_ahin
082 _aO152,1:g N, N11
100 _aशर्मा, राजपाल
_9156318
245 0 _aआधुनिक काव्य नवीन सांस्कृतिक चेतना
246 _aĀdhunik kāvya navīn sāanskṛutik chetanā
260 _aदिल्ली
_b पांडुलिपि प्रकाशन
_c1991
300 _a428 पृ.
_ccm.
942 _hO152,1:g N, N11
_cTEXL
_2CC
999 _c331031
_d331031